000 00671nam a2200157 a 4500
008 120416s1970 ||||||||||||||||| || u
050 _aT 57.85 Bat
100 _aBattersby, Albert
245 1 0 _aNetwork analysis for planning and scheduling
250 _a3rd ed.
260 _aLondon
_bMacmillan
_c1970
300 _aix, 332p. : ill.
350 _a0.00
995 _aANNEX COLLECTION (Main Library)
_D0.00
_e717406
_FCBU-MAIN LIBRARY (Kitwe)
_H1
_I3.75
_jT 57.85 Bat
_M1
_UAVAILABLE
_y014379
_ZAnnex Low-Usage Collection
995 _aANNEX COLLECTION (Main Library)
_D0.00
_e717407
_FCBU-MAIN LIBRARY (Kitwe)
_H2
_I3.75
_jT 57.85 Bat
_M2
_UAVAILABLE
_y014380
_ZAnnex Low-Usage Collection
999 _c78755
_d78755